MARC

LEADER 00000nam0a2200000 4500
001 258053
005 20231031220134.0
035 |a (RuTPU)RU\TPU\book\280884 
090 |a 258053 
100 |a 20140422d1987 k y0rusy50 ca 
101 0 |a rus 
102 |a UA 
105 |a y z 001zy 
200 1 |a Повышение эффективности АСУ в угольной промышленности  |f И. Ф. Забирко, В. Т. Радченко 
210 |a Киев  |c Технiка  |d 1987 
215 |a 125 с. 
320 |a Библиогр.: с. 123. 
606 1 |a Угольная промышленность, объединения  |x Управление  |2 stltpush  |3 (RuTPU)RU\TPU\subj\62560 
610 1 |a АСУ 
610 1 |a классификация 
610 1 |a технико-экономические характеристики 
610 1 |a программное обеспечение 
610 1 |a информационное обеспечение 
610 1 |a технологические процессы 
675 |a 622.333.012:658.5  |v 3 
700 1 |a Забирко  |b И. Ф.  |g Иван Федорович 
701 1 |a Радченко  |b В. Т.  |g Владимир Тимофеевич 
801 1 |a RU  |b 63413507  |c 20140422 
801 2 |a RU  |b 63413507  |c 20181220  |g RCR 
942 |c BK